| 000 | 00588nam a22002057a 4500 | ||
|---|---|---|---|
| 003 | OSt | ||
| 005 | 20140310184524.0 | ||
| 008 | 131019t xxu||||| |||| 00| 0 eng d | ||
| 020 | _a0439672368 | ||
| 050 |
_aGV 1100 _b.T454Am 2004 |
||
| 100 |
_aThomas, Piri. _929953 |
||
| 245 |
_aAmigo brothers / _cbased on the story by Piri Thomas ; illustrations by Philippe Lechien. |
||
| 260 |
_aNew York : _bScholastic Inc., _c2004. |
||
| 300 |
_a16 p. : _bill. ; _c20 cm. |
||
| 521 | _aG1 | ||
| 526 | _c240 | ||
| 650 |
_aSports _xBoxing. _930084 |
||
| 942 |
_2lcc _cBK-SCHOLAS |
||
| 999 |
_c35088 _d35088 |
||